00941nam a2200193Ia 4500008004100000020001600041041001200057082001600069100002000085245005700105260002500162300000800187650001400195942000700209999001500216952017200231952017200403952017200575221030s9999 xx 000 0 und d a81203=29139 aEnglish a105.23bTan aA. S. Tanenbaum 0aStructured Computer Organizationcby A. S. Tanenbaum bPHIaNew Delhic2006 a777 aComputers cBK c2808d2808 pM 1082g425.00l0o105.23 Tanr2024-06-10 00:00:00w2022-10-30yBK003Print4070aMIETLIBbMIETLIBcBL-Academic Block- B, FL-2, CUP-81, SH-1, R-1d2006-09-1210HMCA pM 1083g425.00l0o105.23 Tanr2024-06-10 00:00:00w2022-10-30yBK003Print4070aMIETLIBbMIETLIBcBL-Academic Block- B, FL-2, CUP-81, SH-2, R-2d2006-09-1210HMCA pBE 8440g425.00l0o105.23 Tanr2024-06-13 00:00:00w2022-10-30yBK003Print4070aMIETLIBbMIETLIBcBL-Academic Block C, FL-2, CUP-105, SH-2, R-2d2006-11-0410HBE